000 00662cam a2200241 4500500
005 20260329004712.0
041 _afre
042 _adc
100 1 0 _aPortevin, Catherine
_eauthor
245 0 0 _aEt l’évolution créa la femme
260 _c2020.
500 _a98
690 _aDomination
690 _aÉvolution
690 _aGenre
690 _aPascal Picq
690 _aPouvoir
690 _aPrimate
690 _aSexe
690 _aSinge
786 0 _nPhilosophie magazine | 144 | 11 | 2020-11-01 | p. 90-90 | 1951-1787
856 4 1 _uhttps://shs.cairn.info/magazine-philosophie-magazine-2020-11-page-90?lang=fr&redirect-ssocas=7080
999 _c1836409
_d1836409